| 000 | 00565nam a22001937a 4500 | ||
|---|---|---|---|
| 003 | OSt | ||
| 005 | 20140310181753.0 | ||
| 008 | 130628t xxu||||| |||| 00| 0 eng d | ||
| 020 | _a9711210363 | ||
| 050 |
_aP Z9 _b.An581 1983 |
||
| 082 |
_aFIL 808.8381 _bAn4 1983 |
||
| 245 |
_aAng paglalakbay ni Magallanes : _bpaano niya " natuklasan'ang pilipinas / _caklat adarna. |
||
| 260 |
_aPhilippines : _bChildren's Communication Center, _c1982. |
||
| 300 |
_bcol. : ill. ; _c23 cm. |
||
| 521 | _a | ||
| 541 | _j1 | ||
| 562 | _e1 | ||
| 942 |
_2lcc _cBK-FIL _kFIL |
||
| 999 |
_c3342 _d3342 |
||